000 00686cam a22002175a 4500
001 14294064
005 20201128024049.0
008 060309s2006 enk b 001 0 eng
020 _a9780761943464
040 _aDLC
_cDLC
_dDLC
_dEG-ScBUE
_beng
082 0 4 _222
_a155
_bSCH
100 1 _aSchaffer, H. Rudolph.
_939507
245 1 0 _aKey concepts in developmental psychology /
_cH. Rudolph Schaffer.
260 _aLondon ;
_aThousand :
_bSage Publications,
_c2006.
300 _aviii, 263 p. ;
_c24 cm.
500 _aIndex : p. [256]-263.
504 _aBibliography :p. [231]-255.
650 7 _aDevelopmental psychology.
_2BUEsh
_9952
653 _bHHUUPPSS
_cDecember2016
942 _2ddc
999 _c23542
_d23514